MARC details
| 000 -LEADER |
| fixed length control field |
02335cam a2200481 i 4500 |
| 001 - CONTROL NUMBER |
| control field |
1438665774 |
| 003 - CONTROL NUMBER IDENTIFIER |
| control field |
OCoLC |
| 005 - DATE AND TIME OF LATEST TRANSACTION |
| control field |
20250324154606.0 |
| 008 - FIXED-LENGTH DATA ELEMENTS--GENERAL INFORMATION |
| fixed length control field |
240611t20252025orua j 6 000 1 eng d |
| 020 ## - INTERNATIONAL STANDARD BOOK NUMBER |
| International Standard Book Number |
9781637156162 |
| Qualifying information |
(hardcover) |
| 020 ## - INTERNATIONAL STANDARD BOOK NUMBER |
| International Standard Book Number |
1637156162 |
| Qualifying information |
(hardcover) |
| 035 ## - SYSTEM CONTROL NUMBER |
| System control number |
(OCoLC)1438665774 |
| 040 ## - CATALOGING SOURCE |
| Original cataloging agency |
YDX |
| Language of cataloging |
eng |
| Description conventions |
rda |
| Transcribing agency |
YDX |
| Modifying agency |
BDX |
| -- |
IG# |
| -- |
OCLCQ |
| -- |
JAS |
| -- |
OCLCO |
| 082 04 - DEWEY DECIMAL CLASSIFICATION NUMBER |
| Classification number |
741.5973 |
| Edition number |
23/eng/20250203 |
| 092 ## - LOCALLY ASSIGNED DEWEY CALL NUMBER (OCLC) |
| Classification number |
junior graphic |
| Item number |
Norlund |
| 100 1# - MAIN ENTRY--PERSONAL NAME |
| Personal name |
Norlund, Dina, |
| Relator term |
author, |
| -- |
illustrator. |
| 9 (RLIN) |
6541284 |
| 245 14 - TITLE STATEMENT |
| Title |
The snowcat prince / |
| Statement of responsibility, etc |
Dina Norlund. |
| 250 ## - EDITION STATEMENT |
| Edition statement |
Hardcover first edition. |
| 264 #1 - Production, Publication, Distribution, Manufacture, and Copyright Notice. |
| Place of production, publication, distribution, manufacture |
Portland, OR : |
| Name of producer, publisher, distributor, manufacturer |
Oni Press, |
| Date of production, publication, distribution, manufacture, or copyr |
2025. |
| 300 ## - PHYSICAL DESCRIPTION |
| Extent |
1 volume (unpaged) : |
| Other physical details |
color illustrations ; |
| Dimensions |
29 cm. |
| 336 ## - Content Type |
| Content type term |
text |
| 336 ## - Content Type |
| Content type term |
still image |
| 337 ## - Media type |
| Media type term |
unmediated |
| 338 ## - Carrier type |
| Carrier type term |
volume |
| 520 ## - SUMMARY, ETC. |
| Summary, etc |
"Syv is a snowcat and the youngest in a family of princes. When his father dies, Syv and his brothers are all in line for the throne. Eager to become kings themselves and wary of how well-liked Syv has become by the citizens, Syv's brothers send him on a dangerous quest to find the long-lost magical crown that once belonged to their royal ancestor, the Eldking. Legend says that the snowcat who finds the crown will break the curse on their land and bring great honor to the family. But failure could mark Syv with three black stripes, and he'd be banished forever."-- |
| 650 #0 - SUBJECT ADDED ENTRY--TOPICAL TERM |
| Topical term or geographic name as entry element |
Cats |
| Form subdivision |
Comic books, strips, etc. |
| 9 (RLIN) |
5686642 |
| 650 #0 - SUBJECT ADDED ENTRY--TOPICAL TERM |
| Topical term or geographic name as entry element |
Princes |
| Form subdivision |
Comic books, strips, etc. |
| 9 (RLIN) |
5754917 |
| 650 #0 - SUBJECT ADDED ENTRY--TOPICAL TERM |
| Topical term or geographic name as entry element |
Quests (Expeditions) |
| Form subdivision |
Comic books, strips, etc. |
| 9 (RLIN) |
5776032 |
| 650 #0 - SUBJECT ADDED ENTRY--TOPICAL TERM |
| Topical term or geographic name as entry element |
Magic |
| Form subdivision |
Comic books, strips, etc. |
| 9 (RLIN) |
5676300 |
| 650 #0 - SUBJECT ADDED ENTRY--TOPICAL TERM |
| Topical term or geographic name as entry element |
Cats |
| Form subdivision |
Juvenile fiction. |
| 9 (RLIN) |
5674206 |
| 650 #0 - SUBJECT ADDED ENTRY--TOPICAL TERM |
| Topical term or geographic name as entry element |
Princes |
| Form subdivision |
Juvenile fiction. |
| 9 (RLIN) |
5675272 |
| 650 #0 - SUBJECT ADDED ENTRY--TOPICAL TERM |
| Topical term or geographic name as entry element |
Quests (Expeditions) |
| Form subdivision |
Juvenile fiction. |
| 9 (RLIN) |
5675013 |
| 650 #0 - SUBJECT ADDED ENTRY--TOPICAL TERM |
| Topical term or geographic name as entry element |
Magic |
| Form subdivision |
Juvenile fiction. |
| 9 (RLIN) |
5673690 |
| 650 #1 - SUBJECT ADDED ENTRY--TOPICAL TERM |
| Topical term or geographic name as entry element |
Cats |
| Form subdivision |
Fiction. |
| 9 (RLIN) |
5674208 |
| 650 #1 - SUBJECT ADDED ENTRY--TOPICAL TERM |
| Topical term or geographic name as entry element |
Princes |
| Form subdivision |
Fiction. |
| 9 (RLIN) |
5678712 |
| 650 #1 - SUBJECT ADDED ENTRY--TOPICAL TERM |
| Topical term or geographic name as entry element |
Quests (Expeditions) |
| Form subdivision |
Fiction. |
| 9 (RLIN) |
5676172 |
| 650 #1 - SUBJECT ADDED ENTRY--TOPICAL TERM |
| Topical term or geographic name as entry element |
Magic |
| Form subdivision |
Fiction. |
| 9 (RLIN) |
5673694 |
| 655 #7 - INDEX TERM--GENRE/FORM |
| Genre/form data or focus term |
Fantasy comics. |
| Source of term |
lcgft. |
| 655 #7 - INDEX TERM--GENRE/FORM |
| Genre/form data or focus term |
Animal comics. |
| Source of term |
lcgft. |
| 9 (RLIN) |
6469374 |
| 655 #7 - INDEX TERM--GENRE/FORM |
| Genre/form data or focus term |
Graphic novels. |
| Source of term |
lcgft. |
| 655 #7 - INDEX TERM--GENRE/FORM |
| Genre/form data or focus term |
Bandes dessinées sur les animaux. |
| Source of term |
rvmgf |
| 9 (RLIN) |
6488983 |
| 942 ## - ADDED ENTRY ELEMENTS (KOHA) |
| Source of classification or shelving scheme |
Dewey Decimal Classification |
| Koha item type |
BOOK |